| 000 | 00638nam a2200205 i 4500 | ||
|---|---|---|---|
| 001 | 59149 | ||
| 003 | ES-MaACL | ||
| 005 | 20250804062531.0 | ||
| 007 | t| | ||
| 008 | 031027s1972 sp ||||1| spa d | ||
| 100 | 1 |
_aEliade, Mircea. _946955 |
|
| 245 | 1 | 3 |
_aEl mito del eterno retorno _b: arquetipos y repetición / _cMircea Eliade ; [traductor, Ricardo Anaya]. |
| 260 |
_aMadrid : _bAlianza, _c[1972] |
||
| 300 |
_a174 p. ; _c18 cm. |
||
| 490 | 1 |
_aEl libro de bolsillo ; _v379 |
|
| 700 | 1 |
_aAnaya, Ricardo. _921386 |
|
| 830 | 0 | 3 |
_aEl libro de bolsillo _v379 _9177802 |
| 852 |
_aES-MaACL _jC-42859 _bR.81651 |
||
| 999 |
_c59149 _d59149 |
||